000 00270nam a22001217a 4500
008 170620b xxu||||| |||| 00| 0 eng d
041 _aeng
080 _27 ED
_a321
100 _a20
101 _aSHP
245 _aPUBLIC POLICUMAKING
_cANDERSOM .J.E
942 _2udc
_cBK
999 _c18344
_d18344